Going places with God. (Record no. 13011)

000 -LEADER
fixed length control field 00548nam a2200181 a 4500
001 - CONTROL NUMBER
control field :::00010829$&:&@@
003 - CONTROL NUMBER IDENTIFIER
control field OkBaRHE
005 - DATE AND TIME OF LATEST TRANSACTION
control field 20000607103402.0
008 - FIXED-LENGTH DATA ELEMENTS--GENERAL INFORMATION
fixed length control field s1983 j 000 0 eng u
040 ## - CATALOGING SOURCE
Transcribing agency
100 1# - MAIN ENTRY--PERSONAL NAME
Personal name Olford, Stephen F.
245 10 - TITLE STATEMENT
Title Going places with God.
260 ## - PUBLICATION, DISTRIBUTION, ETC. (IMPRINT)
Place of publication, distribution, etc Wheaton, IL., :
Name of publisher, distributor, etc Victor Books
Date of publication, distribution, etc c1983
300 ## - PHYSICAL DESCRIPTION
Extent 129 p. ;
Dimensions 21 cm.
650 ## - SUBJECT ADDED ENTRY--TOPICAL TERM
Topical term or geographic name as entry element Christian Life
General subdivision Baptist Authors
942 ## - ADDED ENTRY ELEMENTS (KOHA)
Source of classification or shelving scheme
Koha item type Books
Copies
Date last seen Price effective from Permanent Location Koha item type Full call number Withdrawn status Lost status Copy number Not for loan Date acquired Shelving location Source of classification or shelving scheme Damaged status Barcode
2010-04-142010-04-14RHEMA Bible Training CollegeBooksBV 4501.2 .O464  1 2010-04-14General Stacks  10829